00483 2200181 4500001002100000005001500021035002000036007000300056008004100059020001800100082000800118084001400126100001000140245008200150260003500232300002400267650001000291INLIS00000000000123220190411025442 a0010-0419000022ta190411 1 ind  a9789790172234 a813 a813 RIN c0 aRindu1 aCatatan hati tentang cinta & kehilangan :bperempuan pencari tuhan 2 /cRindu aJakarta :bQaltum media,c2013 avi, 130 p. ;c20 CM afIKSI